Macroeconomics

Guardat en:
Dades bibliogràfiques
Autor principal: Olivier Blanchard
Format: Llibre
Publicat: pearson
Matèries:
Etiquetes: Afegir etiqueta
Sense etiquetes, Sigues el primer a etiquetar aquest registre!

MARC

LEADER 00000nam a2200000Ia 4500
005 20260427112652.0
526 |b Economics 
100 |a Olivier Blanchard 
020 |a 9789353945220 
650 |a Macroeconomics 
526 |a Bachelors 
942 |c BK 
245 |a Macroeconomics 
260 |b pearson 
999 |c 38  |d 38 
952 |0 0  |1 0  |4 0  |7 0  |8 1  |a BRISTOL  |b BRISTOL  |d 2026-04-22  |l 0  |p 000021  |r 2026-04-27 11:26:53  |w 2026-04-27  |y BK